00506 2200181 4500001002100000005001500021008004100036020002200077035001900099041000700118082001000125090001600135100001800151245006500169260004500234300003200279650001300311INLIS00000000000862420241224113700241224||||||||| | ||| |||| || |  a978-979-27-8717-7 0010-1224008624 aid0 a153.4 a153.4 SET r0 aSetiyo Widodo00aSmart Learning Technology: Menjadi Juara Dalam Waktu Singkat aJakartabPT. Elex Media Komputindoc2010 a21x14 cm, xxviii, 308 hlm.; 0aFilsafat